000 00982nam a22003137a 4500
001 0013739
003 KOHA_MİRAKIL
005 20260207001930.0
007 ta
008 100219b tu |||grt|||#0|||0|tur |
040 _aTR-BiSEU
_btur
_cTR-BiSEU
_erda
041 0 _atur
044 _ctu
050 _aHD29
_b.A12 [t.y.]
111 2 _aUlusal Yönetim ve Organizasyon Kongresi (8. : 2000 : Nevşehir)
_932301
245 1 _a8. Ulusal Yönetim ve Organizasyon Kongresi bildiriler :
_b25-27 Mayıs 2000 Nevşehir.
264 1 _aKayseri :
_bErciyes Üniversitesi
_c[t.y.]
300 _axiii, 864 sayfa: tablo
336 _ametin
_btxt
_2rdacontent
337 _aaracısız
_bn
_2rdamedia
338 _acilt
_bnc
_2rdacarrier
500 _aKaynakça var.
650 0 _aOrganization--Congresses.
_932302
650 0 _aManagement--Congresses.
_915612
650 0 _aÖrgüt--Kongreler.
_932303
650 0 _aYönetim--Kongreler.
_915613
907 _aBildiri
942 _2lcc
_cBK
999 _c13703
_d13703